000 00471nam a22001817a 4500
999 _c3038
_d2995
008 181011b xxu||||| |||| 00| | tur d
020 _a9750705475
041 _atur
050 _aPL248.A656
100 _91333
_aAnıl, Mehmet
245 _aBitik
250 _a1. Baskı
260 _aİstanbul:
_bCan Sanat Yayınları,
_c2005
300 _a235 Sayfa
500 _aCan Yayınları: 1518; Türk Edebiyatı: 434
650 0 _9145
_aTürk Edebiyatı
942 _2lcc
_cBK